Prefaces to Renaissance literature / (Record no. 18112)
[ view plain ]
| 000 -LEADER | |
|---|---|
| fixed length control field | 00785cam a2200253u 4500 |
| 001 - CONTROL NUMBER | |
| control field | 18112 |
| 003 - CONTROL NUMBER IDENTIFIER | |
| rucl marc code | BD-RjUL |
| 005 - DATE AND TIME OF LATEST TRANSACTION | |
| control field | 20211209000235.0 |
| 008 - FIXED-LENGTH DATA ELEMENTS--GENERAL INFORMATION | |
| fixed length control field | 140219s1965 mau 000 0 eng |
| 035 ## - SYSTEM CONTROL NUMBER | |
| System control number | (BD-RjUL)18170 |
| 040 ## - CATALOGING SOURCE | |
| Original cataloging agency | DLC |
| Transcribing agency | CarP |
| Modifying agency | DLC |
| -- | BD-RjUL |
| Language of cataloging | eng |
| 041 ## - LANGUAGE CODE | |
| Language code of text/sound track or separate title | eng |
| 082 00 - DEWEY DECIMAL CLASSIFICATION NUMBER | |
| Edition number | 20 |
| Classification number | 820.9 |
| Author mark and year | BUP 1965 |
| 100 1# - MAIN ENTRY--PERSONAL NAME | |
| Personal name | Bush, Douglas, |
| Dates associated with a name | 1896-1983. |
| 9 (RLIN) | 55811 |
| 245 10 - TITLE STATEMENT | |
| Title | Prefaces to Renaissance literature / |
| Statement of responsibility, etc. | Douglas Bush. |
| 260 ## - PUBLICATION, DISTRIBUTION, ETC. (IMPRINT) | |
| Place of publication, distribution, etc. | Cambridge : |
| Name of publisher, distributor, etc. | Harvard University Press, |
| Date of publication, distribution, etc. | 1965. |
| 300 ## - PHYSICAL DESCRIPTION | |
| Pagination | xiii, 110 p. ; |
| Size | 21 cm. |
| 504 ## - BIBLIOGRAPHY, ETC. NOTE | |
| Bibliography, etc | Includes bibliography. |
| 650 #0 - SUBJECT ADDED ENTRY--TOPICAL TERM | |
| Topical term or geographic name as entry element | English literature |
| Chronological subdivision | Early modern, 1500-1700 |
| General subdivision | History and criticism. |
| 9 (RLIN) | 53256 |
| Topical term or geographic name as entry element | Renaissance |
| Geographic subdivision | England. |
| 9 (RLIN) | 4395 |
| 942 ## - ADDED ENTRY ELEMENTS (KOHA) | |
| Source of classification or shelving scheme | Dewey Decimal Classification |
| Koha item type | Books |
| Lost status | Source of classification or shelving scheme | Damaged status | Not for loan | Collection code | Permanent Location | Current Location | Shelving location | Date acquired | Source of acquisition | Cost, normal purchase price | Total Checkouts | Full call number | Date last seen | Copy number | Koha item type |
|---|---|---|---|---|---|---|---|---|---|---|---|---|---|---|---|
| Dewey Decimal Classification | Not For Loan | Non-fiction | Central Library, University of Rajshahi | Central Library, University of Rajshahi | Reading Room | 18/04/1967 | Blackwell | 24.00 | 820.9 BUP 1965 | 19/02/2014 | C-1 | Books | |||
| Dewey Decimal Classification | Non-fiction | Central Library, University of Rajshahi | Central Library, University of Rajshahi | 04/01/1977 | W.Helfers and Son | 3.10 | 820.9 BUP 1965 | 31/03/2014 | C-2 | Books |